| 000 | 00638nam a2200193Ia 4500 | ||
|---|---|---|---|
| 003 | IN-BaIIA | ||
| 008 | 211028s9999 xx 000 0 eng d | ||
| 040 | _cIIA Library | ||
| 080 |
_a083.7:621.753.1 _bISI |
||
| 110 | _aIndian Standards Institution | ||
| 245 | 0 |
_aIndian standard recommendations for modular co-ordinations-applications of tolerances in building industry _cIndian Standards Institution |
|
| 260 |
_aNew Delhi _bIndian Standards Institution _c1972 |
||
| 300 | _a13p. | ||
| 500 | _aIS 6408 : 1971 | ||
| 650 |
_a Building Industry-Standards _98847 |
||
| 650 | _a Standards | ||
| 650 | _aNASA Thesaurus | ||
| 942 | _cBK | ||
| 999 |
_c4944 _d4944 |
||